00757nam a2200217 a 450000100060000000300080000600500170001400800410003103500190007204000320009104100080012308200260013124500500015726000560020730000410026350000200030450501000032465000290042465000380045370000480049185877BD-RjUL20251021094307.0251020r1975 ii a b 001 0 eng  a(BD-RjUL)85877 aDLCcDLCdDLCdBD-RjULbeng aeng00a581.6340954bIND 197510aIndian medicinal plants /cedited B. D. Basu. aDehra Dun :bBishen Singh Mahendra Pal Singh,c1975 a4 volumes : b1033 plates ;c29 cm. aIncludes index.0 aPlates, Part I from 1-267. Part II from 268-514. Part III from 515-779. Part iv from 780-1033.  0aMedicinal plantszIndia. 0aMateria medica, VegetablezIndia.1 aBasu, Baman Das,d1867-1930,ejoint author.